000 00613nam a2200181Ia 4500
005 20250423095459.0
008 250422s9999 xx 000 0 und d
020 _a9789785293326
050 _aDT 515.9 .G37/
100 _aOffice of the special adviser to the president on research, documentation and strategy
245 0 _aGarlands for the giant: speeches, goodwill messages and honours at Nigeria’s centenary celebration
260 _aAbuja
260 _bResearch, Documentation and strategy
260 _c2014
300 _a413 p
650 _aCollection - speeches Centenary- Nigeria
942 _cBK
999 _c30402
_d30402